Flask Web Development (Record no. 338662)

MARC details
000 -LEADER
fixed length control field 00445nam a2200169Ia 4500
008 - FIXED-LENGTH DATA ELEMENTS--GENERAL INFORMATION
fixed length control field 230718s9999 xx 000 0 und d
020 ## - INTERNATIONAL STANDARD BOOK NUMBER
International Standard Book Number 9789351106449
041 ## - LANGUAGE CODE
Language code of text/sound track or separate title eng
082 ## - DEWEY DECIMAL CLASSIFICATION NUMBER
Classification number 005.678
Item number GRI
100 ## - MAIN ENTRY--PERSONAL NAME
Personal name Grinberg M.
9 (RLIN) 197085
245 ## - TITLE STATEMENT
Title Flask Web Development
260 ## - PUBLICATION, DISTRIBUTION, ETC. (IMPRINT)
Date of publication, distribution, etc. 2014
Name of publisher, distributor, etc. SPD/O'Reilly
300 ## - PHYSICAL DESCRIPTION
Extent 237
365 ## - TRADE PRICE
Currency code Rs.
Price amount 500.00
700 ## - ADDED ENTRY--PERSONAL NAME
Personal name Grinberg M.
9 (RLIN) 197085
906 ## - LOCAL DATA ELEMENT F, LDF (RLIN)
d O:0429505-Nov-2014B:623305-Aug-2014
c COMP
b 110
Holdings
Withdrawn status Lost status Damaged status Not for loan Home library Current library Date acquired Vendor Budget Code Cost, normal purchase price Bill number Total Checkouts Full call number Barcode Date last seen Discount Cost, replacement price Bill Date Koha item type Original Barcode
        Cummins College of Engineering for Women Pune Cummins College of Engineering for Women Pune 05/11/2014 Technical Book Services COMP 390.00 6233   005.678 CCEP-BK-49869 18/07/2023 110 500.00 05/08/2014 Books 049869